Code civil de l'Empire de Russie / (Record no. 183317)

MARC details
000 -LEADER
campo de control de longitud fija 00899nam a2200205 i 4500
001 - NÚMERO DE CONTROL
campo de control 183317
003 - IDENTIFICADOR DE NÚMERO DE CONTROL
campo de control ES-MaACL
005 - FECHA Y HORA DE LA ÚLTIMA TRANSACCIÓN
campo de control 20230906221849.0
008 - DATOS DE LONGITUD FIJA--INFORMACIÓN GENERAL
campo de control de longitud fija 140318s1841 fr |||| | fre d
110 1# - ENTRADA PRINCIPAL--NOMBRE DE ENTIDAD CORPORATIVA
Nombre de entidad corporativa o nombre de jurisdicción como elemento de entrada Rusia.
9 (RLIN) 171513
245 10 - MENCIÓN DEL TÍTULO
Título Code civil de l'Empire de Russie /
Mención de responsabilidad, etc. traduit sur les éditions officielles par un jurisconsulte russe et précédé d'un aperçu historique sur la législation de la Russie et l'organisation judiciaire de cet empire par M. Victor Foucher.
260 ## - PUBLICACIÓN, DISTRIBUCIÓN, ETC.
Lugar de publicación, distribución, etc. Rennes :
Nombre del editor, distribuidor, etc. Blin ;
Lugar de publicación, distribución, etc. Paris :
Nombre del editor, distribuidor, etc. Joubert,
Fecha de publicación, distribución, etc. 1841.
300 ## - DESCRIPCIÓN FÍSICA
Extensión CVIII,5 64 p. ;
Dimensiones 22 cm.
490 1# - MENCIÓN DE SERIE
Mención de serie Collection des lois civiles et criminelles des états modernes ;
Designación de volumen o secuencia 8
650 #4 - PUNTO DE ACCESO ADICIONAL DE MATERIA--TÉRMINO DE MATERIA
Término de materia o nombre geográfico como elemento de entrada Derecho civil-
Subdivisión geográfica Rusia.
9 (RLIN) 171512
700 1# - ENTRADA AGREGADA--NOMBRE PERSONAL
Nombre de persona Foucher, Victor.
9 (RLIN) 51926
830 1# - PUNTO DE ACCESO ADICIONAL DE SERIE-TÍTULO UNIFORME
Título uniforme Collection des lois civiles et criminelles des états modernes ;
Designación de volumen o secuencia 8
9 (RLIN) 191907
852 ## - LOCALIZACIÓN
Ubicación ES-MaACL
Número de control de estantería G-3637
Holdings
Estatus retirado Estado de pérdida Estado de daño No para préstamo Colección Biblioteca de origen Biblioteca actual Ubicación en estantería Fecha de adquisición Fuente de adquisición Total de préstamos Signatura topográfica completa Código de barras Visto por última vez Precio de reemplazo Tipo de ítem Koha
        Libros del s. XIX Biblioteca del Ateneo de Madrid Biblioteca del Ateneo de Madrid Depósito 2 18/03/2014     G-3637 1192683 23/02/2023 23/02/2023 Libro impreso antiguo